| 000 | 00482nam a2200145 a 4500 | ||
|---|---|---|---|
| 001 | 3444 | ||
| 003 | CDMR | ||
| 005 | 20130326191649.0 | ||
| 008 | 130130s2000||||||||||||||||||||||||||||d | ||
| 040 |
_aCDMR _bcat _cCDMR |
||
| 100 | 1 |
_aSalau, Didac _92484 |
|
| 245 | 1 | 0 |
_aSindicalisme amb A _b: recorregut fotogràfic per una organització anarcosindicalista _cfotografies de Didac Salau ; [textos: Fundació Salvador Seguí] |
| 260 |
_aBarcelona _c2000 _bC.G.T. de Catalunya |
||
| 942 |
_cMON _2udc |
||
| 999 |
_c3444 _d3444 |
||